New Zealand All Blacks Rugby - 50 or more points at Rugby World Cups - Statistics

General Stats
  • This quiz has been taken 147 times
    51 since last reset
  • The average score is 7 of 9
Answer Stats
Points World Cups Player % Correct
191 2003,2007,2011 Daniel Carter
98%
170 1987,1991 Grant Fox
95%
163 1995,1999 Andrew Mehrtens
90%
75 1995, 1999 Jonah Lomu
85%
54 2019 Richie Mo'unga
80%
55 2003, 2007 Joe Rokocoko
61%
65 2003, 2007 Doug Howlett
59%
80 2003, 2007 Leon MacDonald
46%
50 2007 Nick Evans
46%
No matching quizzes found
Score Distribution
Percent of People with Each Score
Percentile by Number Answered
Your Score History
You have not taken this quiz since the last reset